000 00930naa a22002657a 4500
001 BR8804193
003 BR-BrBNA
005 20240918180229.0
007 ta
008 230509b bl.||||| |||| 00| 0 por d
040 _aBR-BrBNA
_bpor
_cBiblioteca Nacional de Agricultura
041 _a(Pt)
072 _aF06
_b/G514
090 _aF06 BR8804193
100 1 _aCampelo, S.
111 1 _a1. Congresso de Irrigacao e Drenagem
_cTeresina, PI (Brazil)
_d2-4 Jun 1982
245 1 _aA irrigacao publica e privada a nivel regional [Piaui]
260 3 _aTeresina, PI (Brasil):
_c1982.
500 _aAnais do 1. Congresso de Irrigacao e Drenagem Teresina, PI (Brasil): 1982. p. 99-110 (BR8804193-AM)F06
650 _aIRRIGACAO
650 _aPIAUI
773 0 _tAnais do 1. Congresso de Irrigacao e Drenagem
_wF06 BR8804193
_gTeresina, PI (Brasil), 1982. p. 99-110
909 _a202404
_bLucia
_c55
_dLucia Elande
942 _cAM
_2AGRIS
999 _c319456
_d319456